| 000 | 00499nam a2200157Ia 4500 | ||
|---|---|---|---|
| 008 | 140911s9999 xx 000 0 und d | ||
| 020 | _a9780230717152 | ||
| 050 |
_aHD 30.4 _b.G634i 2009 |
||
| 100 | _aGomm, Helena. | ||
| 245 |
_aIn company : _bintermediate teacher's book / _cHelena Gomm... [et. al.]. |
||
| 260 |
_aSingapore: _bMarshall Cavendish Business, _cc2010. |
||
| 300 |
_a239 pages : _b illustration ; _c22 cm. |
||
| 521 | _aBusiness Administration | ||
| 942 |
_kFOR _cBK |
||
| 999 |
_c275571 _d275571 |
||